Datum a čas kvízu
29.5
Celkem bodů
Celkový počet nahraných bodů na tomto kvízu bez doplňovacích otázek.
5.
Pořadí na kvízu
Konečné umístění týmu na tomto kvízu.
Zaznamenané odpovědi
| # | Otázka | Odpověď | Body | Výsledky |
|---|---|---|---|---|
| 1. | V pondělí jsme si připomněli 1... | 42 osobností | 0 | |
| 2. | V pátek padla jedna z poslední... | Rakousko | 1 | |
| 3. | Po žalobě od hollywoodských st... | topserialy.to | 1 | |
| 4. | Minulý týden byla oznámena dal... | Fitbit | 0 | |
| 5. | Olympijské maratónské a chodec... | Sapporo | 0 | |
| 6. | Jako československá nová vlna... | Přelet nad kukaččím hnízdem, Amadeus | 1 | |
| 7. | Zřejmě nejpopulárnějším snímke... | v Argentině | 1 | |
| 8. | Démanty noci, snímek režiséra... | Arnošt Lustig | 1 | |
| 9. | Do československé nové vlny js... | Herz, Jakubisko | 0 | |
| 10. | Ve filmu Spalovač mrtvol se v... | Jiří Menzel | 1 |